Personaggi di Grey's Anatomy - Morte improvvisa - Statistics

Statistiche generali
  • Questo quiz è stato fatto 256 volte
  • Il punteggio medio è 7 su 11
Answers on the Grid
Answers color-coded by a green-red scale on the quiz's grid according to % correct below.
Meredith Grey
Derek Shepherd
Alex Karev
Mark Sloan
Levi Schmitt
Andrew DeLuca
Josephine Wilson
Maggie Pierce
Mika Yasuda
April Kepner
Jackson Avery
Lisa Cuddy
Allison Cameron
Lawrence Kutner
Susan Lewis
Doug Ross
Helen Sharpe
Elizabeth Wilder
Floyd Reynolds
Aaron Glassman
Audrey Lim
Claire Browne
Conrad Hawkins
Ian Sullivan
Eleanor O'Hara
Carrie Roman
Bernard Prince
Julian Lynn
 
Statistiche sulle risposte
Risposta % Corretto
Derek Shepherd
85%
Mark Sloan
79%
Meredith Grey
68%
Andrew DeLuca
67%
Alex Karev
66%
Jackson Avery
61%
Maggie Pierce
61%
April Kepner
60%
Josephine Wilson
45%
Levi Schmitt
40%
Mika Yasuda
26%
Nessun quiz corrispondente trovato
Distribuzione punteggi
Percentuale di utenti per punteggio
Percentile per numero di risposta
I tuoi punteggi nel tempo
Non hai fatto questo quiz